000 00849cam a2200253 4500
008 090401t1994 xxu||||| |||| 00| 0 eng d
020 _a0862972647
035 _a(Sirsi) u12493
041 _aeng
050 _a657.83
110 _aNational Federation of Housing Associations
_9959
245 _aStatement of recommended practice: accounting by registered housing associations.
260 _aLondon
_bNational Federation of Housing Associati
_c1994
300 _avi,47p. ; 30cm.
350 _a30
650 _aACCOUNTING STANDARDS
650 _aHOUSING ASSOCIATIONS
650 _aSTATEMENT OF RECOMMENDED PRACTICE
690 _aPROPERTY-PROPERTY FINANCE AND INVESTMENT
710 _aScottish Federation of Housing Associations
_93215
710 _aWelsh Federation of Housing Associations
_93216
942 _n0
948 _c04/03/1997
999 _c86996
_d86996